Szemadám György

Bibliographic Details
Other Authors: Szemadám, György, 1947- (Compiler)
Format: Book
Language:Hungarian
PhysicalDescription:147 s. fotogr. (prevažne fareb.) 30 cm
Published: Somorja Méry ratio 2007
ISBN:9788089286058 (viaz.)
Edition:[1. kiad]
Subjects:

MARC

LEADER 00000nam a2200000 a 4500
001 vtls009938394
003 SK-MaSNL
005 20260331205113.0
008 160610s2007 xo o g 000 0ahun
015 |a SNBA2009/09-04817 
020 |a 9788089286058 (viaz.) 
035 |a D011C27F-30B4-430B-8F78-F3F587C28B25 
035 |a urn:nbn:sk:snk-amkwwl 
035 |a urn:nbn:sk:snk-am0082nh 
040 |a SNK  |b slo  |c SNK  |e AACR2 
041 0 |a hun 
043 |a e-hu--- 
044 |a xo  |c SK 
072 7 |a 929  |x Biografie  |2 konspekt 
072 7 |a 75  |x Maliarstvo  |2 konspekt 
080 |a 929  |2 2001 
080 |a 75.071.1  |2 2001 
080 |a (439)  |2 2001 
080 |a (092)  |2 2001 
100 1 |a Szemadám, György,  |d 1947-  |4 com  |9 597735 
245 1 0 |a Szemadám György  |c [szerkesztette: Szemadám György] 
250 |a [1. kiad] 
260 |a Somorja  |b Méry ratio  |c 2007 
300 |a 147 s.  |b fotogr. (prevažne fareb.)  |c 30 cm 
504 |a Bibliogr. s. 139-146 
600 1 7 |a Szemadám, György,  |d 1947-  |2 SNKMA  |9 597735 
650 0 7 |a maliari  |2 SNKPH  |9 3150 
650 0 7 |a Painters  |2 SNKPHeng  |9 99679 
651 7 |a Maďarsko  |2 SNKPH  |9 16754 
651 7 |a Hungary  |2 SNKPHeng  |9 265263 
655 7 |a autobiografie  |2 SNKPH  |9 70280 
655 7 |a Autobiography  |2 SNKPHeng  |9 283613 
752 |a Slovensko  |d Šamorín 
919 |a 978-80-89286-05-8 
958 |a BC 
958 |a NM 
958 |a HU 
968 |d 73/77 
999 |c 917921  |d 919851 
952 |a SNK  |b SNK  |y PREZ  |7 0  |p 17A0627991  |o snkSB 78133  |i snk2009/14632  |8 0  |0 0  |1 0  |4 0  |d 2009-08-11  |f 1  |l 0  |r 2025-04-28 00:00:00  |w 2026-02-24 
952 |a SNK  |b SNK  |y VYP  |7 0  |p 17A0630210  |o snkSB 78133 D1  |i snk2009/15648  |8 0  |0 0  |1 0  |4 0  |d 2009-08-28  |l 0  |r 2016-06-30 00:00:00  |w 2026-02-24